Využívaní ekonomických nástrojů v řízení strojírenství

Gespeichert in:
Bibliographische Detailangaben
1. Verfasser: Malý, Václav
Format: Buch
Sprache:Tschechisch
Veröffentlicht: Praha VUSTE 1979
Schriftenreihe:Knižnice VUSTE sv. 151
Tags: Tag hinzufügen
Keine Tags, Fügen Sie das erste Tag hinzu!

MARC

LEADER 00000nam a2200000 4500
001 0222113
005 20250613080454.7
041 0 |a cze 
044 |a CZ 
245 1 0 |a Využívaní ekonomických nástrojů v řízení strojírenství  |c Václav Malý a kol. 
264 1 |a Praha  |b VUSTE  |c 1979 
300 |a 203 s. 
490 1 |a Knižnice VUSTE  |v sv. 151 
830 0 |a Knižnice VUSTE  |v sv. 151 
100 1 |a Malý, Václav